Új magyar közigazgatás felé
Elmentve itt :
| Szerző: | |
|---|---|
| Dokumentumtípus: | Cikk |
| Megjelent: |
1943
|
| Sorozat: | Kolligátum
|
| Kulcsszavak: | Közigazgatás - magyar |
| Online Access: | http://misc.bibl.u-szeged.hu/23177 |
| LEADER | 00532nab a2200169 i 4500 | ||
|---|---|---|---|
| 001 | misc23177 | ||
| 005 | 20191108150205.0 | ||
| 008 | 170821s1943 hu o 0|| zxx d | ||
| 040 | |a SZTE Miscellanea Repozitórium |b hun | ||
| 041 | |a zxx | ||
| 100 | 1 | |a Martonyi János | |
| 245 | 1 | 0 | |a Új magyar közigazgatás felé |h [elektronikus dokumentum] / |c Martonyi János |
| 260 | |c 1943 | ||
| 300 | |a 1-11 | ||
| 490 | 0 | |a Kolligátum | |
| 695 | |a Közigazgatás - magyar | ||
| 856 | 4 | 0 | |u http://misc.bibl.u-szeged.hu/23177/1/87514_001-011.pdf |z Dokumentum-elérés |